000 01003cam a22002771 4500
001 gs 15000379
003 DLC
005 20260227111317.0
008 790917s1915 dcuabf b f001 0 eng
010 _ags 15000379
035 _a(OCoLC)5379946
040 _aDLC
_cICharE
_dDLC
042 _apremarc
043 _an-us-az
050 0 0 _aTN24.A6
_bS25
100 1 _aSchrader, Frank Charles,
_d1860-1944.
245 1 0 _aMineral deposits of the Santa Rita and Patagonia Mountains, Arizona /
_cby Frank C. Schrader, with contributions by James M. Hill.
260 _aWashington,
_bGovt. Print. Off.,
_c1915.
300 _a373 p. :
_bplates (part fold.) fold. maps, fold. col. profiles, diagrs. ;
_c24 cm.
490 1 _aU.S. Geological survey. Bulletin 582
504 _aBibliography: p. 31-34.
500 _aIncludes index.
650 0 _aMines and mineral resources
_zArizona.
700 1 _aHill, James M.
_q(James Madison),
_d1884-
810 1 _aUnited States.
_bGeological Survey.
_tBulletin ;
_v582.
999 _c25510
_d25510